| 000 | 00748nam a2200253 a 4500 | ||
|---|---|---|---|
| 001 | 51132 | ||
| 003 | BD-RjUL | ||
| 005 | 20211209075620.0 | ||
| 008 | 160828s1967 nju 001 0 eng | ||
| 035 | _a(BD-RjUL)51252 | ||
| 040 |
_aBD-RjUL _beng _cBD-RjUL |
||
| 041 | _aeng | ||
| 082 |
_a516 _bGRL 1967 |
||
| 100 | 1 |
_aGruenberg, Karl W. _9152958 |
|
| 245 | 1 | 0 |
_aLinear geometry / _cK.W. Gruenberg and A.J. Weir |
| 260 |
_aPrinceton, N.J : _bVan Nostrand, _cc1967 |
||
| 300 |
_aviii, 186 p. ; _c24 cm. |
||
| 500 | _aIncludes index | ||
| 650 | 0 |
_aAlgebras, Linear _9137168 |
|
| 650 | 0 |
_aGeometry, Algebraic. _9152959 |
|
| 700 | 1 |
_aWeir, Alan J. _9152960 |
|
| 830 | 0 |
_aUniversity series in undergraduate mathematics _9152962 |
|
| 942 |
_2ddc _cBK |
||
| 999 |
_c51132 _d51132 |
||